Risk of unemployment and earnings levels by Socio-Economic Group - Introduction of ESeG Classification
Ukazovateľ Risk of Unemployment zostavený z Labour Force Survey. Structure of Earnings Survey využitý za účelom kalkulácie úrovne zárobku. Klasifikácia ESeG.
Gespeichert in:
| 1. Verfasser: | |
|---|---|
| Weitere Verfasser: | |
| Format: | Buchkapitel |
| Sprache: | Englisch |
| Schlagworte: | |
| Tags: |
Keine Tags, Fügen Sie das erste Tag hinzu!
|
MARC
| LEADER | 00000naa a2200000 4500 | ||
|---|---|---|---|
| 001 | 0205854 | ||
| 005 | 20220729111937.9 | ||
| 041 | 0 | |a eng | |
| 044 | |a CZ | ||
| 245 | 1 | 0 | |a Risk of unemployment and earnings levels by Socio-Economic Group - Introduction of ESeG Classification |c Dalibor Holý, Gabriela Strašilová |
| 520 | |a Ukazovateľ Risk of Unemployment zostavený z Labour Force Survey. Structure of Earnings Survey využitý za účelom kalkulácie úrovne zárobku. Klasifikácia ESeG. | ||
| 610 | 2 | 0 | |a skupiny sociálne |
| 610 | 2 | 0 | |a klasifikácia |
| 610 | 2 | 0 | |a zárobky |
| 610 | 2 | 0 | |a postavenie sociálne |
| 610 | 2 | 0 | |a prieskum štatistický |
| 610 | 2 | 0 | |a prieskum sociologický |
| 100 | 1 | |a Holý, Dalibor | |
| 700 | 1 | |a Strašilová, Gabriela | |